[Event "GER-chT U12 Girls"]
[Site "Berlin"]
[Date "2022.12.27"]
[Round "1"]
[White "Yan, Jenny"]
[Black "Mo, Keyou"]
[Result "0-1"]
[WhiteElo "954"]
[BlackElo "1138"]
[PlyCount "64"]
[EventDate "2022.12.26"]
[EventType "team-swiss"]
[EventRounds "7"]
[EventCountry "GER"]
[SourceTitle "CBM 212 Extra"]
[Source "ChessBase"]
[SourceDate "2023.03.31"]
[SourceVersion "1"]
[SourceVersionDate "2023.03.31"]
[SourceQuality "1"]
[WhiteTeam "Hamburger SK"]
[BlackTeam "Chemnitz USG"]
[WhiteTeamCountry "GER"]
[BlackTeamCountry "GER"]

1. e4 e5 2. Nf3 Nc6 3. Bc4 Bc5 4. c3 Nf6 5. d4 exd4 6. cxd4 Bb4+ 7. Bd2 Nxe4 8. Bxb4 Nxb4 9. Qb3 d5 10. Qxb4 dxc4 11. Qxc4 0-0 12. 0-0 Be6 13. Qe2 Nd6 14. Nc3 Bc4 15. Qc2 Bxf1 16. Rxf1 c6 17. d5 Rc8 18. dxc6 Rxc6 19. Re1 Nb5 20. Qb3 Nxc3 21. bxc3 b6 22. Nd4 Rg6 23. Nf3 Re8 24. Rd1 Qe7 25. Qc2 Qb7 26. Qe2 Qc6 27. Qd3 h6 28. c4 Ree6 29. Qd8+ Kh7 30. Qd3 Rd6 31. Qc2 Qxf3 32. Qxg6+ Rxg6 0-1

[Event "GER-chT U12 Girls"]
[Site "Willingen"]
[Date "2022.08.15"]
[Round "5.1"]
[White "Shynkar, Darya"]
[Black "Mo, Keyou"]
[Result "1-0"]
[WhiteElo "1001"]
[BlackElo "1264"]
[PlyCount "87"]
[EventDate "2022.08.13"]
[EventType "team-swiss"]
[EventRounds "7"]
[EventCountry "GER"]
[SourceTitle "EXT 2023"]
[Source "ChessBase"]
[SourceDate "2022.10.05"]
[SourceVersion "1"]
[SourceVersionDate "2022.10.05"]
[SourceQuality "1"]
[WhiteTeam "Paderborn"]
[BlackTeam "Chemnitz USG"]
[WhiteTeamCountry "GER"]
[BlackTeamCountry "GER"]

1. d4 d5 2. c4 e6 3. Nc3 Nf6 4. cxd5 exd5 5. Bg5 Be7 6. e3 0-0 7. Qc2 h6 8. Bh4 b6 9. Bd3 Bb7 10. Nf3 Nbd7 11. 0-0 Re8 12. Rac1 a6 13. Bg3 c5 14. b3 Rc8 15. Qb2 Nb8 16. Bf5 Nfd7 17. Ne5 Nxe5 18. Bxe5 Rc6 19. Bxb8 Qxb8 20. Bd7 Rec8 21. Bxc6 Rxc6 22. Nxd5 Rg6 23. Nxe7+ Kh7 24. Nxg6 fxg6 25. dxc5 bxc5 26. Rxc5 Qd6 27. Rfc1 Kg8 28. Rc7 Kf8 29. Qxg7+ Ke8 30. Qg8+ Qf8 31. Rc8+ Bxc8 32. Rxc8+ Kd7 33. Qxf8 Ke6 34. Re8+ Kd5 35. Qf7+ Kd6 36. Re6+ Kc5 37. Qc7+ Kd5 38. Rd6+ Ke4 39. Qe7+ Kf5 40. Rf6+ Kg4 41. f3+ Kh5 42. Qe5+ g5 43. g4+ Kh4 44. Rxh6# 1-0

[Event "GER-ch U12 Girls"]
[Site "Willingen"]
[Date "2022.06.08"]
[Round "6"]
[White "Mader, Theresa"]
[Black "Mo, Keyou"]
[Result "0-1"]
[WhiteElo "1339"]
[BlackElo "1150"]
[PlyCount "78"]
[EventDate "2022.06.04"]
[EventType "swiss"]
[EventRounds "9"]
[EventCountry "GER"]
[SourceTitle "CBM 208 Extra"]
[Source "ChessBase"]
[SourceDate "2022.07.31"]
[SourceVersion "1"]
[SourceVersionDate "2022.07.31"]
[SourceQuality "1"]

1. d4 d5 2. c4 c6 3. Nc3 Nf6 4. Nf3 Bg4 5. Bg5 Nbd7 6. e3 e6 7. h3 Bh5 8. Be2 Bd6 9. 0-0 0-0 10. c5 Bc7 11. Nd2 Bxe2 12. Nxe2 b6 13. b4 Re8 14. Ng3 a5 15. a3 e5 16. Nh5 g6 17. Nxf6+ Nxf6 18. Qf3 Re6 19. Bxf6 Rxf6 20. Qg4 Qe7 21. Rfe1 axb4 22. axb4 Re8 23. Nf3 e4 24. Nd2 Rf5 25. Qe2 Qh4 26. Ra7 Bb8 27. Rb7 b5 28. Rb6 Rc8 29. Ra1 Qe7 30. Nb3 Kg7 31. Kh1 Ba7 32. Rba6 Bb8 33. Rb6 Qc7 34. g3 Re8 35. Qg4 Rxf2 36. Rb1 Rf3 37. Re1 Rxg3 38. Qh4 Rxe3 39. Qf2 Rxe1+ 0-1

[Event "GER-ch U12 Girls"]
[Site "Willingen"]
[Date "2022.06.05"]
[Round "1"]
[White "Mo, Keyou"]
[Black "Schube, Theresa"]
[Result "1/2-1/2"]
[WhiteElo "1150"]
[BlackElo "1167"]
[PlyCount "63"]
[EventDate "2022.06.04"]
[EventType "swiss"]
[EventRounds "9"]
[EventCountry "GER"]
[SourceTitle "CBM 208 Extra"]
[Source "ChessBase"]
[SourceDate "2022.07.31"]
[SourceVersion "1"]
[SourceVersionDate "2022.07.31"]
[SourceQuality "1"]

1. e4 e5 2. Nf3 Nc6 3. Bc4 Bc5 4. Nc3 Nf6 5. d3 h6 6. Be3 Bb6 7. h3 d6 8. Qd2 Be6 9. Bb3 d5 10. exd5 Nxd5 11. Nxd5 Bxd5 12. Qe2 0-0 13. 0-0 Re8 14. c4 Na5 15. cxd5 Nxb3 16. axb3 Qxd5 17. Qc2 c6 18. Rfe1 Rad8 19. Rad1 Qb5 20. Bxb6 axb6 21. Qc3 Rd5 22. d4 e4 23. Ne5 f6 24. Ng4 Red8 25. Rxe4 f5 26. Nxh6+ gxh6 27. Re7 f4 28. Qf3 Rxd4 29. Qg4+ Qg5 30. Qe6+ Kh8 31. Re8+ Kg7 32. Re7+ 1/2-1/2

[Event "GER-ch U10 Girls"]
[Site "Willingen"]
[Date "2020.10.30"]
[Round "5"]
[White "Mo, Keyou"]
[Black "Heidtkamp, Anna"]
[Result "1-0"]
[WhiteElo "950"]
[BlackElo "1078"]
[PlyCount "89"]
[EventDate "2020.10.26"]
[EventType "swiss"]
[EventRounds "7"]
[EventCountry "GER"]
[SourceTitle "CBM 199 Extra"]
[Source "ChessBase"]
[SourceDate "2021.01.31"]
[SourceVersion "1"]
[SourceVersionDate "2021.01.31"]
[SourceQuality "1"]

1. e4 e5 2. Nf3 Nc6 3. Bc4 Bc5 4. 0-0 d6 5. d4 exd4 6. c3 dxc3 7. Nxc3 Nf6 8. Re1 Qe7 9. Nd5 Qe6 10. Nxc7+ Ke7 11. Bxe6 Bxe6 12. Nxa8 Rxa8 13. Be3 Nxe4 14. Bg5+ Nxg5 15. Nxg5 h6 16. Nxe6 fxe6 17. Qb3 Kd7 18. Qxb7+ Ke8 19. Rxe6+ Kf8 20. Qxc6 Rb8 21. g3 Kg8 22. Rae1 Kh7 23. R1e4 Rb6 24. Qd7 Rb8 25. Rg4 Rg8 26. Reg6 Bd4 27. b3 Bc3 28. Kf1 Bd4 29. Qxd6 Ba1 30. b4 Bb2 31. Qc7 a6 32. f4 Ba1 33. f5 Kh8 34. f6 Bxf6 35. a4 Ba1 36. b5 axb5 37. axb5 Rf8+ 38. Kg2 Rg8 39. b6 Bb2 40. b7 Ba1 41. b8Q Rxb8 42. Rxg7 Rb2+ 43. Kh3 Rd2 44. Qc8+ Rd8 45. Qxd8# 1-0